000 00727nam a22002297a 4500
003 UA-OsUOA
005 20210830152601.0
008 190917b un ||||| |||| 00| 0 ukr d
040 _aUA-OsUOA
_bukr
_cUA-OsUOA
_dUA-OsUOA
041 _aukr
080 _a940.32
090 _a940.32
_bИ90
245 _aИстория дипломатии
260 _aМосква
_bПолитиздат
_c1975
300 _a644 с.
505 _gТ. 4
_tДипломатия в годы Второй мировой войны
650 _2UDC
942 _2udc
_cBK
955 _a1
999 _c442313
_d442313